[Event "Africa-ch U18"]
[Site "Port Elizabeth"]
[Date "2016.08.23"]
[Round "2"]
[White "Nassr, Ahmed"]
[Black "Van Greuning, Alex"]
[Result "1-0"]
[WhiteElo "1973"]
[BlackElo "1647"]
[PlyCount "81"]
[EventDate "2016.08.22"]
[EventType "swiss"]
[EventRounds "9"]
[EventCountry "RSA"]
[SourceTitle "CBM 174 Extra"]
[Source "ChessBase"]
[SourceDate "2016.10.10"]
[SourceVersion "1"]
[SourceVersionDate "2016.10.10"]
[SourceQuality "1"]

1. d4 f5 2. Bf4 d6 3. e3 g6 4. h4 h6 5. Qf3 Nf6 6. Nc3 Nh5 7. Bc4 d5 8. Bd3 Rg8 9. Bh2 Na6 10. Nge2 e6 11. g4 Nf6 12. gxf5 exf5 13. 0-0-0 Bd6 14. Bxd6 Qxd6 15. Rdg1 Ne4 16. Bxe4 fxe4 17. Qf4 Qxf4 18. Nxf4 Bf5 19. Nce2 0-0-0 20. Ng3 c6 21. Nxf5 gxf5 22. h5 Rg5 23. Rxg5 hxg5 24. Ng6 Nc7 25. a3 Ne6 26. h6 Nf8 27. Ne7+ Kc7 28. h7 Nxh7 29. Rxh7 Rd7 30. Rg7 f4 31. Nf5 Rxg7 32. Nxg7 fxe3 33. fxe3 Kd7 34. Kd2 b6 35. Ke2 c5 36. c3 Ke7 37. Kf2 Kf6 38. Nh5+ Kf5 39. Kg3 c4 40. a4 g4 41. Nf4 1-0

[Event "RSA-ch U18"]
[Site "Bloemfontein"]
[Date "2016.03.22"]
[Round "4"]
[White "Van Greuning, Alex"]
[Black "Van Staden, Christiaan"]
[Result "1/2-1/2"]
[WhiteElo "1681"]
[BlackElo "1435"]
[PlyCount "59"]
[EventDate "2016.03.20"]
[EventType "swiss"]
[EventRounds "11"]
[EventCountry "RSA"]
[SourceTitle "CBM 171 Extra"]
[Source "ChessBase"]
[SourceDate "2016.04.26"]
[SourceVersion "1"]
[SourceVersionDate "2016.04.26"]
[SourceQuality "1"]

1. c4 Nf6 2. e3 d5 3. cxd5 Nxd5 4. d4 c6 5. g3 g6 6. Bg2 Bg7 7. Ne2 0-0 8. 0-0 Nd7 9. Nbc3 N7b6 10. Nxd5 Nxd5 11. b3 Bg4 12. Bb2 Qd7 13. Re1 Rfd8 14. Qd2 Bh3 15. Bh1 Re8 16. a3 Be6 17. Nc1 Nb6 18. Nd3 Qc7 19. Nc5 Bh3 20. Qc2 Nd7 21. Rac1 Nxc5 22. Qxc5 Qb6 23. b4 Qxc5 24. Rxc5 Rec8 25. Rec1 Bd7 26. Bg2 Rc7 27. b5 b6 28. R5c2 c5 29. dxc5 Bxb2 30. Rxb2 1/2-1/2

[Event "RSA-chT U18"]
[Site "Cape Town"]
[Date "2016.01.04"]
[Round "2.5"]
[White "Van Greuning, Alex"]
[Black "Beukman, Michael"]
[Result "1-0"]
[WhiteElo "1510"]
[BlackElo "1336"]
[PlyCount "43"]
[EventDate "2016.01.04"]
[EventType "team-tourn"]
[EventRounds "7"]
[EventCountry "RSA"]
[SourceTitle "CBM 170 Extra"]
[Source "ChessBase"]
[SourceDate "2016.02.25"]
[SourceVersion "1"]
[SourceVersionDate "2016.02.25"]
[SourceQuality "1"]
[WhiteTeam "Western Province"]
[BlackTeam "Johannesburg Metro"]
[WhiteTeamCountry "RSA"]
[BlackTeamCountry "RSA"]

1. c4 e5 2. e3 Nc6 3. Nc3 Nf6 4. g3 d5 5. cxd5 Nxd5 6. Bg2 Be6 7. Nge2 Qd7 8. 0-0 0-0-0 9. a3 g5 10. b4 a6 11. Bb2 h5 12. Ne4 f6 13. d4 Be7 14. Nc5 Bxc5 15. bxc5 Bh3 16. e4 Bxg2 17. Kxg2 Nde7 18. d5 Nd4 19. Nxd4 exd4 20. Qxd4 Ng8 21. Rfd1 h4 22. c6 1-0